| 000 | 00686nam a22001697a 4500 | ||
|---|---|---|---|
| 008 | 090908t xxu||||| |||| 00| 0 eng d | ||
| 020 | _a1872531512 | ||
| 050 |
_aPJ6307 _b.A23 2002 |
||
| 100 | _aRahim, V. Abdur Dr. | ||
| 245 |
_aArabic course for English-Speaking Students _cDr. V. Abdur Rahim |
||
| 260 |
_aUnited Kingdom _bUk Islamic Academy _c2002 |
||
| 300 |
_a58p. ; _c21.5cm |
||
| 650 |
_2Arabic language _xGrammar |
||
| 942 |
_2lcc _cBK |
||
| 999 |
_c35462 _d35462 |
||